北京地铁1号线/八通线地铁站 - Statistics

General Stats
  • This quiz has been taken 23 times
  • The average score is 26 of 37
Answer Stats
Transfers Remarks Stations % Correct
天安门西
95%
天安门东
95%
6号线 S1线 暂缓开通 苹果园
90%
10号线 公主坟
90%
8号线 王府井
90%
9号线 军事博物馆
86%
5号线 东单
86%
10号线 国贸
86%
2号线 19号线(太平桥) 复兴门
81%
4号线 西单
81%
2号线 建国门
81%
7号线 环球度假区
81%
16号线 木樨地
76%
四惠
76%
四惠东
76%
暂缓开通 福寿岭
71%
古城
71%
八角游乐园
71%
八宝山
71%
南礼士路
71%
土桥
71%
五棵松
67%
永安里
67%
14号线 大望路
67%
传媒大学
67%
7号线 花庄
67%
梨园
62%
万寿路
57%
高碑店
57%
通州北苑
57%
果园
57%
玉泉路
52%
双桥
52%
管庄
52%
八里桥
52%
临河里
48%
九棵树
43%
No matching quizzes found
Score Distribution
Percent of People with Each Score
Percentile by Number Answered
Your Score History
You have not taken this quiz